Pokémon - Les attaques de Baggiguane - Statistiques

Statistiques générales
  • Ce quiz a été pris 19 fois
    11 depuis la dernière actualisation
  • Le résultat moyen est 9 sur 15
Statistiques - réponses
Niveaux Types Noms des attaques % Correct
Niveau 8 Normal Coup d'Boule
86%
Départ Normal Groz'Yeux
86%
Niveau 52 Roche Fracass'Tête
71%
Niveau 12 Sol Jet de Sable
71%
Niveau 40 Ténèbres Mâchouille
71%
Niveau 44 Combat Pied Voltige
71%
Niveau 4 Ténèbres Représailles
71%
Départ Combat Balayage
57%
Niveau 32 Combat Casse-Brique
57%
Niveau 28 Normal Grimace
57%
Niveau 48 Combat Mitra-Poing
43%
Niveau 20 Ténèbres Tourmente
43%
Niveau 36 Normal Vantardise
43%
Niveau 24 Ténèbres Baston
29%
Niveau 16 Normal Façade
14%
Aucun quiz correspondant
Distribution des résultats
% des personnes avec chaque résultat
Percentile par nombre de réponses
Votre historique - résultats
Vous n’avez pas pris ce quiz depuis la dernière actualisation